BIBLIOTECA PODER JUDICIAL
Portal Judicial TDF

Nueva tendencia global : (Registro nro. 5908)

000 -LEADER
fixed length control field 01276nab a22002657a 4500
003 - CONTROL NUMBER IDENTIFIER
control field OSt
005 - DATE AND TIME OF LATEST TRANSACTION
control field 20260110015059.0
008 - FIXED-LENGTH DATA ELEMENTS--GENERAL INFORMATION
fixed length control field 190605e xxu||||| |||| 00| 0 spa d
040 ## - CATALOGING SOURCE
Transcribing agency PJ
100 ## - MAIN ENTRY--PERSONAL NAME
9 (RLIN) 6775
Personal name Calligaro, Cynthia P.
245 10 - TITLE STATEMENT
Title Nueva tendencia global :
Remainder of title ¿cómo funciona la visa para los nómades digitales implementada por Argentina? /
Statement of responsibility, etc Cynthia P. Calligaro, Walter Mañko, Juan Antonio Fernández Legrand.
260 ## - PUBLICATION, DISTRIBUTION, ETC. (IMPRINT)
Place of publication, distribution, etc Ciudad Autónoma de Buenos Aires :
Name of publisher, distributor, etc Thomson Reuters La Ley,
Date of publication, distribution, etc 2023.
300 ## - PHYSICAL DESCRIPTION
Extent p. 36-40
500 ## - GENERAL NOTE
General note Cita: TR LALEY AR/DOC/2530/2023.<br/><br/>
505 ## - FORMATTED CONTENTS NOTE
Formatted contents note Sumario: I. Introducción.— II. Aspectos migratorios.— III. Aspectos fiscales.— IV. Aspectos laborales y de la seguridad social.— V. Conclusiones.
505 ## - FORMATTED CONTENTS NOTE
Title ¿Te interesa el texto completo? Solicitalo al correo: koha@justierradelfuego.gov.ar
650 #0 - SUBJECT ADDED ENTRY--TOPICAL TERM
9 (RLIN) 1316
Topical term or geographic name as entry element DERECHO LABORAL
650 #0 - SUBJECT ADDED ENTRY--TOPICAL TERM
9 (RLIN) 289
Topical term or geographic name as entry element TECNOLOGIA DE LA INFORMACION
650 #0 - SUBJECT ADDED ENTRY--TOPICAL TERM
9 (RLIN) 5817
Topical term or geographic name as entry element INTELIGENCIA ARTIFICIAL
650 #0 - SUBJECT ADDED ENTRY--TOPICAL TERM
9 (RLIN) 273
Topical term or geographic name as entry element DERECHO INFORMATICO
650 #0 - SUBJECT ADDED ENTRY--TOPICAL TERM
9 (RLIN) 4439
Topical term or geographic name as entry element TELETRABAJO
650 #0 - SUBJECT ADDED ENTRY--TOPICAL TERM
9 (RLIN) 1323
Topical term or geographic name as entry element CONTRATO DE TRABAJO
773 0# - HOST ITEM ENTRY
Host Biblionumber 2711
Host Itemnumber 3168
Place, publisher, and date of publication Ciudad Autónoma de Buenos Aires : Thomson Reuters La Ley, 1999-2002.
Title Revista de derecho del trabajo. Nº 6 - Noviembre 2023
942 ## - ADDED ENTRY ELEMENTS (KOHA)
Source of classification or shelving scheme
Koha item type Analítica Artículo de Revista

No hay ítems disponibles.

12 de Octubre 789 Ushuaia - Tel:  54(02901)441571
Horario de Atención: 8.00 a 17.00 hs. 
bibliotecaush@justierradelfuego.gov.ar
koha@justierradelfuego.gov.ar
Seguinos en nuestras redes @bibliojustdf 

Con tecnología Koha